00847nam a2200241Ia 450000500170000000800410001702000150005804100080007308200200008110000350010124501260013625000210026230000350028349000260031865000450034465000360038965100310042526400260045633600270048233700330050933800280054204000350057020220316235450.0121119s2002 ck grl 000 0 spa  a95864833390 aspa04aR 342.023bP25C1 aPeña Peña, Rogelio Enrique10aConstitución política de Colombiabconcordancia, jurisprudencia, doctrina, comentarioscRogelio Enrique Peña Peña aQuinta edición a487 páginasc21 cme1 CD-ROM0 aLas leyes de Colombia14aDerecho constitucional colombiano 2LEMB14aConstitución colombiana2LEMB 4aColombia xConstitución  aBogotá bEcoec2002 atextobtxt2rdacontent asin mediaciónbn2rdamedia avolumenbnc2rdacarrier aCO-BoRNBPbspaerdacCO-BoRNBP